Abastecimiento de agua potable para San Miguel e Higuito

Salvato in:
Dettagli Bibliografici
Autore principale: Mora Ramírez, Juan Carlos
Natura: Libro
Pubblicazione: [San José , Costa Rica] 1985
Soggetti:
Tags: Aggiungi Tag
Nessun Tag, puoi essere il primo ad aggiungerne!!

MARC

LEADER 00000nam a2200000Ia 4500
003 002575
005 20221231144409.0
008 140114s1985 cr a m 000 ||s d
040 |c cru CEDI 
090 |a TFG 1568 
100 |a Mora Ramírez, Juan Carlos  |9 14850 
245 |a Abastecimiento de agua potable para San Miguel e Higuito 
260 |c 1985  |a [San José , Costa Rica] 
300 |a  125 hojas : ilustraciones (algunas plegables) ; 27 cm  
500 |a  Proyecto de graduación (ingeniero civil)--Universidad de Costa Rica. Facultad de Ingeniería. Escuela de Ingeniería Civil 
650 |x SUMINISTRO DE AGUA - SAN MIGUEL (DESAMPARADOS, SAN JOSE, COSTA RICA)   |x SUMINISTRO DE AGUA - HIGUITO (SAN MIGUEL, DESAMPARADOS, SAN JOSE, COSTA RICA)  |9 14851 
942 |c TFG 
999 |c 21273  |d 21273